[Event "Oberliga Nord O 1920"]
[Site "Germany"]
[Date "2019.12.08"]
[Round "4.4"]
[White "Seils, Joerg"]
[Black "Kropman, Alexei"]
[Result "1-0"]
[WhiteElo "2321"]
[BlackElo "2118"]
[PlyCount "131"]
[EventDate "2019.09.29"]
[EventType "team-tourn"]
[EventRounds "9"]
[EventCountry "GER"]
[SourceTitle "CBM 195 Extra"]
[Source "ChessBase"]
[SourceDate "2020.05.31"]
[SourceVersion "1"]
[SourceVersionDate "2020.05.31"]
[SourceQuality "1"]

1. e4 e6 2. d4 d5 3. exd5 exd5 4. Nf3 Bd6 5. Bd3 Ne7 6. 0-0 0-0 7. Bg5 f6 8. Bh4 Nf5 9. c3 Nxh4 10. Nxh4 f5 11. g3 g6 12. Nd2 Nc6 13. f4 b6 14. Ndf3 Be7 15. Ng2 Bb7 16. Qe2 Qd6 17. Rae1 Bf6 18. Ne5 Ne7 19. g4 c5 20. gxf5 gxf5 21. Ne3 cxd4 22. Nxf5 Nxf5 23. Bxf5 Bg7 24. Qg4 Rxf5 25. Qxf5 Rf8 26. Qd3 dxc3 27. bxc3 Rc8 28. Re3 Qc5 29. Rf2 d4 30. Rh3 h6 31. c4 Rf8 32. Rg3 Qd6 33. Rg6 Rf6 34. Rxf6 Qxf6 35. Qxd4 Qf5 36. Rd2 Qb1+ 37. Rd1 Qxa2 38. Qd2 Qa4 39. Qd7 Qc2 40. Qg4 Qe4 41. Kf2 Qc2+ 42. Qe2 Qf5 43. Rd8+ Kh7 44. Qd3 Be4 45. Qe3 Bxe5 46. Re8 Qxf4+ 47. Qxf4 Bxf4 48. Rxe4 Bxh2 49. Re7+ Kg6 50. Rxa7 Bd6 51. Rd7 Bc5+ 52. Kf3 Kf5 53. Rd5+ Kg6 54. Kf4 Kf6 55. Kg4 Kg6 56. Rd3 h5+ 57. Kf4 Kf6 58. Rd5 Kg6 59. Rg5+ Kh6 60. Kf5 h4 61. Rg8 Bf2 62. Rg2 Be3 63. Re2 Bd4 64. Kg4 Kg6 65. Kxh4 Kf5 66. Kg3 1-0

[Event "GER-chT Nord-Ost U20 U20 1112"]
[Site "Germany"]
[Date "2012.01.08"]
[Round "2"]
[White "Kropman, Alexei"]
[Black "Sivakumaran, Ramesh"]
[Result "1-0"]
[WhiteElo "2091"]
[BlackElo "1878"]
[PlyCount "47"]
[EventDate "2011.09.24"]
[EventType "team-tourn"]
[EventRounds "9"]
[EventCountry "GER"]
[SourceTitle "EXT 2015"]
[Source "ChessBase"]
[SourceDate "2014.11.20"]
[SourceVersion "1"]
[SourceVersionDate "2014.11.20"]
[SourceQuality "1"]

1. e4 c6 2. Nc3 d5 3. Nf3 Bg4 4. h3 Bh5 5. exd5 cxd5 6. g4 Bg6 7. Bb5+ Nc6 8. Ne5 Qd6 9. d4 f6 10. Nxg6 hxg6 11. Bd3 0-0-0 12. Bxg6 e5 13. dxe5 fxe5 14. Bf5+ Kb8 15. Bg5 Be7 16. Qd2 Nd4 17. 0-0-0 Nf3 18. Bxe7 Nxe7 19. Qe3 Qh6 20. Qxh6 Rxh6 21. Be4 Nd4 22. Bg2 Rf6 23. Rd2 Rdf8 24. Rf1 1-0

[Event "Berlin-ch qualification"]
[Site "Berlin-Lichtenrade"]
[Date "2011.04.29"]
[Round "7.7"]
[White "Weiten, Christoph"]
[Black "Kropman, Alexei"]
[Result "1-0"]
[WhiteElo "1903"]
[BlackElo "2071"]
[PlyCount "45"]
[EventDate "2011.04.23"]
[EventType "swiss"]
[EventRounds "9"]
[EventCountry "GER"]
[SourceTitle "EXT 2022"]
[Source "ChessBase"]
[SourceDate "2021.10.06"]
[SourceVersion "1"]
[SourceVersionDate "2021.10.06"]
[SourceQuality "1"]

1. e4 e5 2. Nf3 Nc6 3. d4 exd4 4. Nxd4 Bc5 5. Be3 Qf6 6. c3 Qg6 7. Nd2 Nf6 8. Nb5 Bxe3 9. fxe3 Kd8 10. Qa4 d6 11. g3 Bg4 12. Bg2 Qg5 13. Kf2 Ne5 14. Bf1 Bd7 15. h3 h5 16. Qd4 h4 17. g4 Nfxg4+ 18. hxg4 Nxg4+ 19. Ke2 Bxb5+ 20. c4 Bd7 21. Nf3 Qf6 22. Rd1 Ne5 23. Nxe5 1-0

[Event "Berlin-ch qualification"]
[Site "Berlin-Lichtenrade"]
[Date "2011.04.27"]
[Round "5.4"]
[White "Fehrmann, Gregor"]
[Black "Kropman, Alexei"]
[Result "1/2-1/2"]
[WhiteElo "2016"]
[BlackElo "2071"]
[PlyCount "75"]
[EventDate "2011.04.23"]
[EventType "swiss"]
[EventRounds "9"]
[EventCountry "GER"]
[SourceTitle "EXT 2022"]
[Source "ChessBase"]
[SourceDate "2021.10.06"]
[SourceVersion "1"]
[SourceVersionDate "2021.10.06"]
[SourceQuality "1"]

1. e4 e5 2. d4 exd4 3. c3 d5 4. exd5 Qxd5 5. cxd4 Nc6 6. Nf3 Bg4 7. Be2 Bb4+ 8. Nc3 Bxf3 9. Bxf3 Qc4 10. Bxc6+ bxc6 11. Qe2+ Qxe2+ 12. Kxe2 0-0-0 13. Rd1 Ne7 14. Be3 Rhe8 15. a3 Ba5 16. Rd3 Nf5 17. Rad1 Bb6 18. Kf1 Rd7 19. g4 Nd6 20. b3 f5 21. d5 Bxe3 22. dxc6 Rf7 23. fxe3 fxg4+ 24. Kg2 Ref8 25. R1d2 h5 26. e4 g5 27. Rd5 Rf3 28. Nb5 Nxb5 29. Rxb5 h4 30. Rf5 R8xf5 31. exf5 h3+ 32. Kg1 Rxf5 33. Rd4 Rc5 34. Rxg4 Rxc6 35. Rxg5 Rc3 36. Rg3 Rc1+ 37. Kf2 Rc2+ 38. Kg1 1/2-1/2

[Event "Berlin-ch qualification"]
[Site "Berlin-Lichtenrade"]
[Date "2011.04.23"]
[Round "1.6"]
[White "Gressmann, Moritz"]
[Black "Kropman, Alexei"]
[Result "0-1"]
[WhiteElo "1743"]
[BlackElo "2071"]
[PlyCount "88"]
[EventDate "2011.04.23"]
[EventType "swiss"]
[EventRounds "9"]
[EventCountry "GER"]
[SourceTitle "EXT 2022"]
[Source "ChessBase"]
[SourceDate "2021.10.06"]
[SourceVersion "1"]
[SourceVersionDate "2021.10.06"]
[SourceQuality "1"]

1. e4 e5 2. Nf3 Nc6 3. Bc4 Nf6 4. Ng5 d5 5. exd5 Nd4 6. c3 b5 7. Bb3 Nxb3 8. Qxb3 Qxd5 9. Qxd5 Nxd5 10. 0-0 Nf4 11. d4 Ne2+ 12. Kh1 Nxc1 13. Rxc1 Be7 14. Nf3 e4 15. Ne5 Bb7 16. Re1 f6 17. Ng4 h5 18. Ne3 g6 19. Nd2 f5 20. Kg1 0-0-0 21. a4 b4 22. Nc2 bxc3 23. bxc3 h4 24. Nc4 h3 25. Ne5 Bd6 26. Nf7 hxg2 27. Nxh8 Rxh8 28. Ne3 f4 29. Nc4 f3 30. Nxd6+ cxd6 31. c4 d5 32. cxd5 Bxd5 33. Rac1+ Kd7 34. Rc5 Kd6 35. Rb1 Rf8 36. Rbb5 Bc6 37. Rb4 e3 38. Re5 exf2+ 39. Kxf2 g1Q+ 40. Kxg1 f2+ 41. Kf1 Bg2+ 42. Kxg2 f1Q+ 43. Kg3 Qf4+ 44. Kg2 Qf3+ 0-1

[Event "Berlin Lichtenrade op 06th"]
[Site "Berlin"]
[Date "2010.10.23"]
[Round "8"]
[White "Kropman, Alexei"]
[Black "Gruzmann, Boris"]
[Result "1/2-1/2"]
[WhiteElo "2055"]
[BlackElo "2236"]
[PlyCount "57"]
[EventDate "2010.10.16"]
[EventType "swiss"]
[EventRounds "9"]
[EventCountry "GER"]
[SourceTitle "CBM 138 Extra"]
[Source "ChessBase"]
[SourceDate "2010.10.29"]
[SourceVersion "1"]
[SourceVersionDate "2010.10.29"]
[SourceQuality "1"]

1. e4 e5 2. Nf3 Nc6 3. Bc4 Nf6 4. d3 Be7 5. 0-0 d6 6. a4 0-0 7. Re1 Be6 8. a5 a6 9. Nbd2 Nd7 10. c3 Qc8 11. d4 Bxc4 12. Nxc4 Bf6 13. Ne3 g6 14. Nd5 Bg7 15. dxe5 dxe5 16. Qe2 b5 17. axb6 cxb6 18. Be3 Qb7 19. Nd2 b5 20. Nb3 a5 21. Nc5 Nxc5 22. Bxc5 Rfe8 23. Red1 Ra6 24. Qg4 h5 25. Qg5 a4 26. Rd3 Na5 27. Rad1 Nc4 28. Ba3 Rae6 29. Rf3 1/2-1/2

[Event "Berlin Lichtenrade op 06th"]
[Site "Berlin"]
[Date "2010.10.20"]
[Round "5"]
[White "Sicora, Carsten"]
[Black "Kropman, Alexei"]
[Result "0-1"]
[WhiteElo "1932"]
[BlackElo "2055"]
[PlyCount "48"]
[EventDate "2010.10.16"]
[EventType "swiss"]
[EventRounds "9"]
[EventCountry "GER"]
[SourceTitle "CBM 138 Extra"]
[Source "ChessBase"]
[SourceDate "2010.10.29"]
[SourceVersion "1"]
[SourceVersionDate "2010.10.29"]
[SourceQuality "1"]

1. e4 e5 2. Nf3 Nc6 3. Bb5 f5 4. Nc3 fxe4 5. Nxe4 d5 6. Nxe5 dxe4 7. Nxc6 Qg5 8. Qe2 Nf6 9. f4 Qxf4 10. Nxa7+ Kd8 11. Nxc8 Kxc8 12. d4 Qh4+ 13. g3 Qh3 14. Bf4 Nd5 15. Qxe4 Bb4+ 16. Bd2 Bxd2+ 17. Kxd2 Qh6+ 18. Kd1 c6 19. Be2 Kc7 20. Qe5+ Kb6 21. c4 Rae8 22. c5+ Ka7 23. Qd6 Re6 24. Qd7 Qe3 0-1

[Event "Berlin Kreuzberg op 11th"]
[Site "Berlin"]
[Date "2010.07.15"]
[Round "9"]
[White "Kropman, Alexei"]
[Black "Gebigke, Martin"]
[Result "0-1"]
[WhiteElo "2013"]
[BlackElo "2212"]
[PlyCount "50"]
[EventDate "2010.06.26"]
[EventType "swiss"]
[EventRounds "9"]
[EventCountry "GER"]
[SourceTitle "EXT 2012"]
[Source "ChessBase"]
[SourceDate "2011.11.24"]
[SourceVersion "1"]
[SourceVersionDate "2011.11.24"]
[SourceQuality "1"]

1. e4 d6 2. d4 Nf6 3. Nc3 g6 4. f4 Bg7 5. Nf3 0-0 6. Bd3 Na6 7. e5 Ng4 8. h3 Nh6 9. 0-0 c5 10. d5 Nb4 11. Be4 f5 12. Bd3 Nxd3 13. Qxd3 dxe5 14. fxe5 Nf7 15. Re1 e6 16. d6 Bd7 17. Qc4 Qa5 18. Bd2 b5 19. Qxc5 Rac8 20. Qd4 b4 21. Nd1 Rxc2 22. Bxb4 Qa6 23. Bc3 Bc6 24. Ne3 Rxc3 25. Nxf5 Rc4 0-1

[Event "Berlin Kreuzberg op 11th"]
[Site "Berlin"]
[Date "2010.06.28"]
[Round "3"]
[White "Figura, Atila Gajo"]
[Black "Kropman, Alexei"]
[Result "1-0"]
[WhiteElo "2406"]
[BlackElo "2013"]
[PlyCount "65"]
[EventDate "2010.06.26"]
[EventType "swiss"]
[EventRounds "9"]
[EventCountry "GER"]
[SourceTitle "EXT 2012"]
[Source "ChessBase"]
[SourceDate "2011.11.24"]
[SourceVersion "1"]
[SourceVersionDate "2011.11.24"]
[SourceQuality "1"]

1. Nf3 d5 2. g3 Nf6 3. Bg2 e6 4. 0-0 Be7 5. c4 0-0 6. b3 c5 7. Bb2 Nc6 8. e3 b6 9. d4 Bb7 10. Nbd2 Rc8 11. Qe2 dxc4 12. bxc4 cxd4 13. exd4 Na5 14. Rac1 Ba6 15. Rfd1 Qe8 16. Ne5 Qa4 17. a3 Nd7 18. d5 Nxe5 19. Bxe5 Nxc4 20. Qg4 Qxd1+ 21. Rxd1 Nxe5 22. Qa4 Bd3 23. Re1 Bc2 24. Qxa7 Nd3 25. Rf1 Bc5 26. dxe6 fxe6 27. Ne4 Bd4 28. Qd7 Rcd8 29. Qxe6+ Kh8 30. Qc4 Nxf2 31. Nxf2 Bd3 32. Qxd3 Rxf2 33. Qa6 1-0

[Event "Berlin Hellersdorf op"]
[Site "Berlin"]
[Date "2010.01.08"]
[Round "1"]
[White "Kropman, Alexei"]
[Black "Ziems, Michael"]
[Result "1-0"]
[WhiteElo "1949"]
[BlackElo "1736"]
[PlyCount "60"]
[EventDate "2010.01.08"]
[EventType "swiss"]
[EventRounds "5"]
[EventCountry "GER"]
[SourceTitle "EXT 2012"]
[Source "ChessBase"]
[SourceDate "2011.11.24"]
[SourceVersion "1"]
[SourceVersionDate "2011.11.24"]
[SourceQuality "1"]

1. e4 e6 2. d4 d5 3. Nc3 c6 4. Nf3 Bb4 5. e5 Ne7 6. Bd3 c5 7. a3 Bxc3+ 8. bxc3 c4 9. Be2 Nbc6 10. a4 0-0 11. 0-0 Nf5 12. Re1 Bd7 13. Bf1 a6 14. Ba3 Re8 15. Qd2 Na7 16. Reb1 b5 17. axb5 Nxb5 18. Bc5 Bc6 19. Qf4 Nxc3 20. Rb6 Bb5 21. g4 Nh4 22. Rb7 f5 23. exf6 Nxf3+ 24. Qxf3 Qxf6 25. Qxc3 Qg6 26. Qf3 Rac8 27. Bd6 e5 28. Bxe5 Rxe5 29. dxe5 d4 30. Bxc4+ Kh8 1-0

[Event "Berlin Lichtenrade op 05th"]
[Site "Berlin"]
[Date "2009.10.24"]
[Round "8"]
[White "Zschaebitz, Klaus"]
[Black "Kropman, Alexei"]
[Result "0-1"]
[WhiteElo "2099"]
[BlackElo "1947"]
[PlyCount "68"]
[EventDate "2009.10.11"]
[EventType "swiss"]
[EventRounds "9"]
[EventCountry "GER"]
[SourceTitle "EXT 2010"]
[Source "ChessBase"]
[SourceDate "2010.11.25"]
[SourceVersion "1"]
[SourceVersionDate "2010.11.25"]
[SourceQuality "1"]

1. Nf3 d5 2. d4 Nf6 3. c4 c6 4. g3 e6 5. Nbd2 Be7 6. Bg2 0-0 7. 0-0 b6 8. Qc2 Bb7 9. b3 Nbd7 10. Bb2 c5 11. Rfd1 Rc8 12. Rac1 h6 13. Bc3 b5 14. cxb5 cxd4 15. Nxd4 Bc5 16. e3 e5 17. Ne2 Qb6 18. Qf5 g6 19. Qh3 h5 20. Nf1 Qxb5 21. Re1 Ng4 22. a4 Qb6 23. Bd2 Ndf6 24. a5 Qd6 25. f3 Kg7 26. Bh1 d4 27. e4 d3+ 28. Rxc5 Qxc5+ 29. Ne3 Nxe3 30. b4 Qd6 31. Nc1 Nc4 32. Qg2 Nxd2 33. Qxd2 Qd4+ 34. Kg2 Rc2 0-1

[Event "GER-ch U25 op"]
[Site "Willingen"]
[Date "2009.06.06"]
[Round "9"]
[White "Adelhuette, Dennis"]
[Black "Kropman, Alexei"]
[Result "0-1"]
[WhiteElo "1712"]
[BlackElo "1964"]
[PlyCount "64"]
[EventDate "2009.05.30"]
[EventType "swiss"]
[EventRounds "9"]
[EventCountry "GER"]
[SourceTitle "EXT 2010"]
[Source "ChessBase"]
[SourceDate "2010.11.25"]
[SourceVersion "1"]
[SourceVersionDate "2010.11.25"]
[SourceQuality "1"]

1. e4 e6 2. d4 d5 3. exd5 exd5 4. c4 Nf6 5. Nc3 Be7 6. Nf3 0-0 7. Be2 c6 8. 0-0 dxc4 9. Bxc4 Nbd7 10. Bf4 Nb6 11. Bd3 Nbd5 12. Be3 Bg4 13. Be2 Re8 14. Bg5 h6 15. Bh4 Nf4 16. Re1 Nxe2+ 17. Qxe2 Bxf3 18. Qxf3 Qxd4 19. Bg3 Bb4 20. Rad1 Bxc3 21. bxc3 Qd5 22. Qf4 Rad8 23. Rxe8+ Rxe8 24. Qa4 Re2 25. c4 Qd2 26. h3 Qxa2 27. Rd8+ Kh7 28. Qb4 Qa1+ 29. Kh2 Re1 30. Bb8 Ne4 31. g3 Rh1+ 32. Kg2 Ng5 0-1

[Event "GER-ch U25 op"]
[Site "Willingen"]
[Date "2009.06.02"]
[Round "4"]
[White "Weissbeck, Joachim Daniel"]
[Black "Kropman, Alexei"]
[Result "0-1"]
[WhiteElo "1755"]
[BlackElo "1964"]
[PlyCount "98"]
[EventDate "2009.05.30"]
[EventType "swiss"]
[EventRounds "9"]
[EventCountry "GER"]
[SourceTitle "EXT 2010"]
[Source "ChessBase"]
[SourceDate "2010.11.25"]
[SourceVersion "1"]
[SourceVersionDate "2010.11.25"]
[SourceQuality "1"]

1. e4 e5 2. Nf3 Nc6 3. Bb5 a6 4. Bxc6 dxc6 5. 0-0 Bg4 6. d3 Qf6 7. Nbd2 Ne7 8. b3 Ng6 9. Bb2 0-0-0 10. a3 Bd6 11. Qe2 Nf4 12. Qe3 Bh3 13. g3 Ng6 14. Rfc1 h5 15. Qg5 h4 16. Re1 hxg3 17. fxg3 Bc5+ 18. Kh1 Qxg5 19. Nxg5 Rdf8 20. Nxh3 Rxh3 21. Kg2 Rfh8 22. Rh1 f6 23. Nf3 R3h6 24. Bc1 R6h7 25. Bb2 Kd7 26. Rad1 Ke6 27. Rd2 Rd8 28. d4 exd4 29. Nxd4+ Bxd4 30. Rxd4 Rxd4 31. Bxd4 Rh8 32. Re1 Rd8 33. Bc3 Ne5 34. h3 c5 35. Kf2 b5 36. Ke2 Nc6 37. Rd1 Nd4+ 38. Kf2 Rd6 39. Bxd4 Rxd4 40. Rxd4 cxd4 41. Kf3 c5 42. h4 Ke5 43. g4 c4 44. g5 fxg5 45. hxg5 g6 46. a4 bxa4 47. bxa4 a5 48. Ke2 Kxe4 49. Kd2 Kf4 0-1

[Event "GER-chT Lands U20"]
[Site "Dresden"]
[Date "2008.11.16"]
[Round "4.4"]
[White "Kropman, Alexei"]
[Black "Goebel, Constantin"]
[Result "0-1"]
[WhiteElo "1895"]
[BlackElo "1896"]
[PlyCount "60"]
[EventDate "2008.11.14"]
[EventType "team-swiss"]
[EventRounds "7"]
[EventCountry "GER"]
[SourceTitle "EXT 2010"]
[Source "ChessBase"]
[SourceDate "2010.11.25"]
[SourceVersion "1"]
[SourceVersionDate "2010.11.25"]
[SourceQuality "1"]
[WhiteTeam "Berlin"]
[BlackTeam "Hessen"]
[WhiteTeamCountry "GER"]
[BlackTeamCountry "GER"]

1. c4 e6 2. d4 d5 3. Nc3 Nf6 4. Nf3 Nbd7 5. cxd5 exd5 6. Bg5 Be7 7. e3 c6 8. Bd3 0-0 9. Qc2 Re8 10. g4 Ne4 11. Bxe4 dxe4 12. Bxe7 Qxe7 13. Nd2 c5 14. d5 Ne5 15. Ncxe4 Bxg4 16. Ng3 Rad8 17. h3 Nf3+ 18. Nxf3 Bxf3 19. Rg1 Qg5 20. Qc3 Qxd5 21. Ne2 Qe5 22. Qxe5 Rxe5 23. Rg3 Bxe2 24. Kxe2 Red5 25. Rag1 g6 26. Rg5 Rd2+ 27. Kf3 b6 28. h4 Rxb2 29. h5 Rdd2 30. R1g2 Rxa2 0-1

[Event "Berlin Lichtenrade op 04th"]
[Site "Berlin"]
[Date "2008.10.24"]
[Round "7"]
[White "Kropman, Alexei"]
[Black "Schulz, Petra"]
[Result "0-1"]
[WhiteElo "1960"]
[BlackElo "2101"]
[PlyCount "44"]
[EventDate "2008.10.18"]
[EventType "swiss"]
[EventRounds "9"]
[EventCountry "GER"]
[SourceTitle "CBM 126 Extra"]
[Source "ChessBase"]
[SourceDate "2008.11.05"]
[SourceVersion "1"]
[SourceVersionDate "2008.11.05"]
[SourceQuality "1"]

1. e4 e6 2. d4 d5 3. Nc3 Bb4 4. e5 Ne7 5. a3 Bxc3+ 6. bxc3 c5 7. Nf3 Nbc6 8. Bd3 Qa5 9. Bd2 Qa4 10. dxc5 Qa5 11. 0-0 Qxc5 12. Re1 a6 13. Ng5 Ng6 14. Qh5 Ncxe5 15. Rxe5 Nxe5 16. Nxh7 Nxd3 17. Nf6+ Ke7 18. Qxh8 Qxf2+ 19. Kh1 gxf6 20. Bh6 Ne1 21. Qf8+ Kd7 22. Qxf7+ Kc6 0-1

[Event "Berlin Lichtenberger op 7th"]
[Site "Berlin"]
[Date "2008.08.24"]
[Round "9"]
[White "Kropman, Alexei"]
[Black "Schink, Barbara"]
[Result "1-0"]
[WhiteElo "1938"]
[BlackElo "2046"]
[PlyCount "67"]
[EventDate "2008.08.16"]
[EventType "swiss"]
[EventRounds "9"]
[EventCountry "GER"]
[SourceTitle "CBM 126 Extra"]
[Source "ChessBase"]
[SourceDate "2008.11.05"]
[SourceVersion "1"]
[SourceVersionDate "2008.11.05"]
[SourceQuality "1"]

1. e4 e5 2. Nf3 Nc6 3. Bc4 Bc5 4. c3 Nf6 5. d3 a6 6. 0-0 d6 7. Bb3 Ba7 8. h3 Qe7 9. Nbd2 0-0 10. Re1 Nh5 11. Nf1 Qf6 12. Be3 Nf4 13. Kh2 Nd8 14. Ng1 Kh8 15. Bxa7 Rxa7 16. Ne3 c6 17. g3 Nfe6 18. Rf1 Ra8 19. Ng2 Nc5 20. Bc2 Qe7 21. Ne3 g6 22. d4 Nce6 23. d5 Ng7 24. f4 exf4 25. Rxf4 c5 26. b4 cxb4 27. cxb4 Nh5 28. Qd4+ Kg8 29. Rf2 Ng7 30. Nc4 f6 31. Raf1 Ne8 32. Nb6 Rb8 33. Ba4 Nf7 34. Rc2 1-0

[Event "Berlin Lichtenberger op 7th"]
[Site "Berlin"]
[Date "2008.08.21"]
[Round "6"]
[White "Kropman, Alexei"]
[Black "Ruehrmund, Daniel"]
[Result "1-0"]
[WhiteElo "1938"]
[BlackElo "1823"]
[PlyCount "65"]
[EventDate "2008.08.16"]
[EventType "swiss"]
[EventRounds "9"]
[EventCountry "GER"]
[SourceTitle "CBM 126 Extra"]
[Source "ChessBase"]
[SourceDate "2008.11.05"]
[SourceVersion "1"]
[SourceVersionDate "2008.11.05"]
[SourceQuality "1"]

1. e4 c5 2. Nc3 Nc6 3. f4 g6 4. Nf3 Bg7 5. Bc4 d6 6. 0-0 e6 7. d3 Nge7 8. Qe1 0-0 9. Qh4 Nd4 10. f5 Nxf3+ 11. Rxf3 f6 12. fxe6 g5 13. Qh5 Qe8 14. Qxe8 Rxe8 15. Nb5 Rd8 16. Nc7 Rb8 17. a4 Kh8 18. Nd5 Nxd5 19. exd5 Kg8 20. Bb5 Kf8 21. Bxg5 Ke7 22. Raf1 Rf8 23. Bh4 a6 24. Bc4 b5 25. axb5 axb5 26. Bb3 Bb7 27. Rg3 Bh8 28. Rf5 Rg8 29. Rh5 Rxg3 30. Bxg3 Rg8 31. Rxh7+ Bg7 32. Bf4 Ke8 33. Bxd6 1-0

[Event "Berlin Lichtenberger op 7th"]
[Site "Berlin"]
[Date "2008.08.20"]
[Round "5"]
[White "Bockelmann, Rolf"]
[Black "Kropman, Alexei"]
[Result "1/2-1/2"]
[WhiteElo "1796"]
[BlackElo "1938"]
[PlyCount "25"]
[EventDate "2008.08.16"]
[EventType "swiss"]
[EventRounds "9"]
[EventCountry "GER"]
[SourceTitle "CBM 126 Extra"]
[Source "ChessBase"]
[SourceDate "2008.11.05"]
[SourceVersion "1"]
[SourceVersionDate "2008.11.05"]
[SourceQuality "1"]

1. e4 e5 2. Nf3 Nc6 3. Bc4 Bc5 4. c3 Nf6 5. d4 exd4 6. cxd4 Bb4+ 7. Nc3 Nxe4 8. 0-0 Bxc3 9. bxc3 d5 10. Re1 0-0 11. Bd3 Re8 12. Qc2 Bf5 13. Bg5 1/2-1/2

[Event "Berlin Lichtenberger op 7th"]
[Site "Berlin"]
[Date "2008.08.18"]
[Round "3"]
[White "Gebigke, Martin"]
[Black "Kropman, Alexei"]
[Result "1-0"]
[WhiteElo "2151"]
[BlackElo "1938"]
[PlyCount "51"]
[EventDate "2008.08.16"]
[EventType "swiss"]
[EventRounds "9"]
[EventCountry "GER"]
[SourceTitle "CBM 126 Extra"]
[Source "ChessBase"]
[SourceDate "2008.11.05"]
[SourceVersion "1"]
[SourceVersionDate "2008.11.05"]
[SourceQuality "1"]

1. d4 d5 2. Nf3 e6 3. g3 Nf6 4. Bg2 c5 5. 0-0 Nc6 6. c4 dxc4 7. Qa4 cxd4 8. Nxd4 Qxd4 9. Bxc6+ Bd7 10. Rd1 Qxd1+ 11. Qxd1 Bxc6 12. Nc3 Bc5 13. h3 b5 14. Qc2 h6 15. a4 b4 16. Nd1 Bd5 17. Be3 Bxe3 18. Nxe3 Rc8 19. Qd2 c3 20. bxc3 bxc3 21. Qd4 0-0 22. Rc1 Ne4 23. Nxd5 exd5 24. Qxd5 Nd2 25. Qd3 c2 26. Rxc2 1-0

[Event "GER-ch U14"]
[Site "Willingen"]
[Date "2008.05.11"]
[Round "4"]
[White "Kropman, Alexei"]
[Black "Duenzel, Jonas"]
[Result "1/2-1/2"]
[WhiteElo "1920"]
[BlackElo "1972"]
[PlyCount "69"]
[EventDate "2008.05.11"]
[EventType "swiss"]
[EventRounds "9"]
[EventCountry "GER"]
[SourceTitle "CBM 124 Extra"]
[Source "ChessBase"]
[SourceDate "2008.07.03"]
[SourceVersion "1"]
[SourceVersionDate "2008.07.03"]
[SourceQuality "1"]

1. e4 c5 2. Nc3 Nc6 3. f4 g6 4. Nf3 Bg7 5. Bb5 Nd4 6. Bd3 e6 7. 0-0 Ne7 8. Nxd4 Bxd4+ 9. Kh1 d6 10. Bb5+ Nc6 11. d3 0-0 12. Bxc6 bxc6 13. Qf3 Bg7 14. Nd1 d5 15. Ne3 Rb8 16. f5 exf5 17. exf5 Qf6 18. Qg3 Qe5 19. f6 Bxf6 20. Nxd5 Qxd5 21. Qxb8 Be5 22. Qb3 Qd6 23. Qc4 Bxh2 24. Bh6 Be6 25. Bxf8 Kxf8 26. Qh4 Be5 27. Rae1 Kg8 28. Re3 Bxb2 29. Rb1 Bd4 30. Ree1 Kg7 31. Rb7 Bf6 32. Qh2 Qd5 33. Qf4 h5 34. Qc4 Qxc4 35. dxc4 1/2-1/2

[Event "GER-ch U14"]
[Site "Willingen"]
[Date "2008.05.11"]
[Round "3"]
[White "Kropman, Alexei"]
[Black "Schindlbeck, Tobias"]
[Result "1/2-1/2"]
[WhiteElo "1920"]
[BlackElo "1888"]
[PlyCount "43"]
[EventDate "2008.05.11"]
[EventType "swiss"]
[EventRounds "9"]
[EventCountry "GER"]
[SourceTitle "CBM 124 Extra"]
[Source "ChessBase"]
[SourceDate "2008.07.03"]
[SourceVersion "1"]
[SourceVersionDate "2008.07.03"]
[SourceQuality "1"]

1. e4 c5 2. Nc3 e6 3. f4 d5 4. Bb5+ Nc6 5. Bxc6+ bxc6 6. Nf3 Nf6 7. e5 Nd7 8. d3 Qb6 9. 0-0 c4+ 10. d4 c5 11. Kh1 Be7 12. a4 a5 13. dxc5 Nxc5 14. Qe1 Bb7 15. Qg3 g6 16. Qf2 Nd7 17. Be3 Bc5 18. Bxc5 Qxc5 19. Nb5 Qxf2 20. Rxf2 Ke7 21. Nfd4 Ra6 22. g3 1/2-1/2